Statistics for Countries of Europe by Borders or Capital Proximity in 30 Seconds

Click here to take the quiz!

General Stats

  • This quiz has been taken 2,407 times
  • The average score is 77 of 90

Answers on the Map

Answers color-coded by a green-red scale on the quiz's map according to % correct below.
Loading ...
 

Answer Stats

Country/Capital% Correct
France
98%
Paris
98%
United Kingdom
96%
London
96%
Netherlands
96%
Belgium
96%
Brussels
96%
Amsterdam
96%
Berlin
95%
Germany
95%
Italy
94%
Rome
94%
Madrid
94%
Spain
94%
Czech Republic
93%
Prague
93%
Bern
92%
Hungary
92%
Switzerland
92%
Budapest
92%
Moscow
91%
Stockholm
91%
Oslo
91%
Vienna
91%
Austria
91%
Norway
91%
Sweden
91%
Russia
91%
Ukraine
90%
Belarus
90%
Luxembourg
90%
Kiev
90%
Minsk
90%
Serbia
90%
Belgrade
90%
Lithuania
89%
Vilnius
89%
Slovenia
89%
Ljubljana
89%
Latvia
88%
Poland
88%
Warsaw
88%
Riga
88%
Finland
88%
Helsinki
88%
Denmark
87%
Zagreb
87%
Croatia
87%
San Marino
87%
Copenhagen
87%
Vatican City
86%
Slovakia
86%
Sofia
86%
Bulgaria
86%
Bratislava
86%
Bosnia and
Herzegovina
85%
Tallinn
85%
Sarajevo
85%
Estonia
85%
Macedonia
84%
Skopje
84%
Romania
83%
Bucharest
83%
Montenegro
82%
Podgorica
82%
Albania
82%
Tirana
82%
Greece
81%
Athens
81%
Ireland
81%
Dublin
81%
Lisbon
78%
Portugal
78%
Kosovo
78%
Pristina
78%
Moldova
76%
Chisinau
76%
Reykjavik
71%
Iceland
71%
Andorra
67%
Andorra la Vella
67%
Monaco
62%
Vaduz
59%
Liechtenstein
59%
Valletta
43%
Malta
43%

Score Distribution

Percentile by Number Answered

Percent of People with Each Score

Your Score History

You have not taken this quiz